Statistics for Finish the Famous Sayings

Click here to take the quiz!

General Stats

  • This quiz has been taken 123 times
  • The average score is 9 of 15

Answer Stats

HintAnswer% Correct
The apple doesn't fall far from the...tree
99%
When life gives you lemons, make...lemonade
96%
That's one small step for man, one giant leap for...mankind
92%
You miss 100% of the shots you never...take
87%
Knowledge is...power
81%
Get busy living, or get busy...dying
79%
Time is...money
73%
You must be the change you wish to see in the...world
69%
It always seems impossible until its...done
65%
Be yourself, everyone else is already...taken
54%
Fortune favours the...bold
48%
Tough times never last, but tough...people do
34%
The purpose of our lives is to be...happy
28%
Never let the fear of striking out keep you from...playing the game
10%
The only impossible journey is the one...you never begin
2%

Score Distribution

Percentile by Number Answered

Percent of People with Each Score

Your Score History

You have not taken this quiz